Venta personal

में बचाया:
ग्रंथसूची विवरण
निगमित लेखक: e-libro, Corp
अन्य लेखक: Barrio García, Salvador del
स्वरूप: ई-पुस्तक
भाषा:स्पेनिश
प्रकाशित: Barcelona : Editorial UOC, 2012.
विषय:
ऑनलाइन पहुंच:https://elibro.unach.elogim.com/es/lc/unach/titulos/56633
टैग: टैग जोड़ें
कोई टैग नहीं, इस रिकॉर्ड को टैग करने वाले पहले व्यक्ति बनें!

MARC

LEADER 00000nam a2200000 a 4500
001 ELB56633
003 FlNmELB
006 m o d |
007 cr cn|||||||||
008 130205r2012 sp |||||s|||||||||||spa d
020 |z 9788490296738 
035 |a (MiAaPQ)EBC3208172 
035 |a (Au-PeEL)EBL3208172 
035 |a (CaPaEBR)ebr10647440 
035 |a (OCoLC)929397678 
040 |a FlNmELB  |b spa  |c FlNmELB 
050 4 |a HB1  |b V465 2012 
080 |a 33 
082 0 4 |a 330  |2 22 
245 0 0 |a Venta personal  |h [recurso electronico]  |c Salvador del Barrio García ... [et al.]. 
260 |a Barcelona :  |b Editorial UOC,  |c 2012. 
300 |a 313 p. 
533 |a Recurso electrónico. Santa Fe, Arg.: e-libro, 2015. Disponible vía World Wide Web. El acceso puede estar limitado para las bibliotecas afiliadas a e-libro. 
650 4 |a Business and Economics.  |x General. 
650 4 |a Negocios y economía.  |x General. 
650 4 |a Business and Economics.  |x Sales and selling. 
650 4 |a Negocios y economía.  |x Ventas y acción de venta. 
655 4 |a Libros electrónicos. 
700 1 |a Barrio García, Salvador del. 
710 2 |a e-libro, Corp. 
856 4 0 |u https://elibro.unach.elogim.com/es/lc/unach/titulos/56633